000 00778cab a2200241 4500
001 WB2927-02
008 090401t1993 xxu||||| |||| 00| 0 eng d
035 _a(Sirsi) u72026
041 _aeng
245 _aThree PSA BMs to be sold off
260 _c1993
350 _a0
490 _aDoE News Release
_v(463) 8 July 1993
520 _aThree PSA Building Management business have been sold. Noreast Building Management is being sold to John Mowlem Consturction plc; BM Scotland is being purchased by Serco and BM Manchester to W.S> Atkins.
650 _aNOREAST BUILDING MANAGEMENT
650 _aPRIVATISATION
650 _aPSA BUILDING MANAGEMENT
650 _aSERCO
650 _aWS ATKINS
690 _aBUILT ENVIRONMENT
942 _n0
948 _c04/03/1997
999 _c45439
_d45439